MARC-detaljer
| 000 -LEADER |
| fixed length control field |
05203cam a2201081 a 4500 |
| 001 - CONTROL NUMBER |
| control field |
11895937 |
| 003 - CONTROL NUMBER IDENTIFIER |
| control field |
LIBRIS |
| 005 - DATE AND TIME OF LATEST TRANSACTION |
| control field |
20210209124823.0 |
| 008 - FIXED-LENGTH DATA ELEMENTS--GENERAL INFORMATION |
| fixed length control field |
100818s2010 sw a||||||||||000 0|swe| |
| 020 ## - INTERNATIONAL STANDARD BOOK NUMBER |
| International Standard Book Number |
9789153436010 |
| Qualifying information |
inb. |
| 035 ## - SYSTEM CONTROL NUMBER |
| System control number |
(Bo)458177 |
| 040 ## - CATALOGING SOURCE |
| Original cataloging agency |
LGEN |
| Modifying agency |
Og |
| -- |
S |
| Description conventions |
a |
| 041 ## - LANGUAGE CODE |
| Language code of text/sound track or separate title |
swe |
| 082 04 - DEWEY DECIMAL CLASSIFICATION NUMBER |
| Classification number |
641.56383 |
| Edition number |
22 |
| 084 ## - OTHER CLASSIFICATION NUMBER |
| Classification number |
Qcabb |
| Number source |
kssb/8 |
| 084 ## - OTHER CLASSIFICATION NUMBER |
| Classification number |
Måltidsakademiens biblioteksstiftelse |
| 084 ## - OTHER CLASSIFICATION NUMBER |
| Classification number |
Måltidslitteratur 2010 |
| 084 ## - OTHER CLASSIFICATION NUMBER |
| Classification number |
Kategori: Hälsa |
| 100 1# - MAIN ENTRY--PERSONAL NAME |
| Personal name |
Davidsson, Ulrika, |
| Dates associated with a name |
1971- |
| Authority record control number or standard number |
https://libris.kb.se/sq47b0mb5s33sll#it |
| 245 10 - TITLE STATEMENT |
| Title |
LCHF på mitt sätt : |
| Remainder of title |
100 recept med nästan inga kolhydrater! / |
| Statement of responsibility, etc. |
Ulrika Davidsson ; foto: Malte Danielsson. |
| 264 #1 - PRODUCTION, PUBLICATION, DISTRIBUTION, MANUFACTURE, AND COPYRIGHT NOTICE |
| Place of production, publication, distribution, manufacture |
Västerås : |
| Name of producer, publisher, distributor, manufacturer |
Ica, |
| Date of production, publication, distribution, manufacture, or copyright notice |
2010 |
| 264 #3 - PRODUCTION, PUBLICATION, DISTRIBUTION, MANUFACTURE, AND COPYRIGHT NOTICE |
| Place of production, publication, distribution, manufacture |
Italien |
| 300 ## - PHYSICAL DESCRIPTION |
| Extent |
143 s. |
| Other physical details |
ill. |
| Dimensions |
25 cm |
| 340 ## - PHYSICAL MEDIUM |
| Dimensions |
25 cm |
| 541 ## - IMMEDIATE SOURCE OF ACQUISITION NOTE |
| Institution to which field applies |
Gma |
| 541 ## - IMMEDIATE SOURCE OF ACQUISITION NOTE |
| Institution to which field applies |
Og |
| 650 #7 - SUBJECT ADDED ENTRY--TOPICAL TERM |
| Topical term or geographic name entry element |
Dietmat |
| Authority record control number or standard number |
https://id.kb.se/term/sao/Dietmat |
| Source of heading or term |
sao |
| 650 #7 - SUBJECT ADDED ENTRY--TOPICAL TERM |
| Topical term or geographic name entry element |
Lågkolhydratdiet |
| Authority record control number or standard number |
https://id.kb.se/term/sao/L%C3%A5gkolhydratdiet |
| Source of heading or term |
sao |
| 650 #0 - SUBJECT ADDED ENTRY--TOPICAL TERM |
| Topical term or geographic name entry element |
Low-carbohydrate diet |
| 650 #0 - SUBJECT ADDED ENTRY--TOPICAL TERM |
| Topical term or geographic name entry element |
Dietetic foods |
| 655 #7 - INDEX TERM--GENRE/FORM |
| Genre/form data or focus term |
Kokböcker |
| Authority record control number or standard number |
https://id.kb.se/term/saogf/Kokb%C3%B6cker |
| Source of term |
saogf |
| 700 1# - ADDED ENTRY--PERSONAL NAME |
| Personal name |
Danielsson, Malte, |
| Dates associated with a name |
1961- |
| Relationship |
pht |
| Authority record control number or standard number |
https://libris.kb.se/64jmtvqq3g4g86d#it |
| 887 ## - NON-MARC INFORMATION FIELD |
| Content of non-MARC field |
{"@id":"wf78ksx725nh458","modified":"2017-10-10T11:51:51+02:00","checksum":"67355275526"} |
| Source of data |
librisxl |
| 887 ## - NON-MARC INFORMATION FIELD |
| Content of non-MARC field |
{"@id":"rw3rw2fx3hq9rs6","modified":"2014-08-25T11:08:20+02:00","checksum":"31460703683"} |
| Source of data |
librisxl |
| 887 ## - NON-MARC INFORMATION FIELD |
| Content of non-MARC field |
{"@id":"rw3q5qtx2zm1msz","modified":"2014-04-01T11:42:57+02:00","checksum":"28812067318"} |
| Source of data |
librisxl |
| 887 ## - NON-MARC INFORMATION FIELD |
| Content of non-MARC field |
{"@id":"04bh95s538888ls","modified":"2010-10-11T18:55:22+02:00","checksum":"47916747933"} |
| Source of data |
librisxl |
| 887 ## - NON-MARC INFORMATION FIELD |
| Content of non-MARC field |
{"@id":"rw3h1h5x445jj6q","modified":"2012-04-03T10:05:17+02:00","checksum":"40441060985"} |
| Source of data |
librisxl |
| 887 ## - NON-MARC INFORMATION FIELD |
| Content of non-MARC field |
{"@id":"w171f7z23vqm4zj","modified":"2016-03-07T10:13:21+01:00","checksum":"32191322684"} |
| Source of data |
librisxl |
| 887 ## - NON-MARC INFORMATION FIELD |
| Content of non-MARC field |
{"@id":"37fmjd081wrjzq6","modified":"2011-01-05T10:28:00+01:00","checksum":"31540247478"} |
| Source of data |
librisxl |
| 887 ## - NON-MARC INFORMATION FIELD |
| Content of non-MARC field |
{"@id":"tz60jhn036p0rjm","modified":"2015-06-22T10:48:56+02:00","checksum":"30868156186"} |
| Source of data |
librisxl |
| 887 ## - NON-MARC INFORMATION FIELD |
| Content of non-MARC field |
{"@id":"w171w6v23tgzj56","modified":"2015-04-13T13:49:55+02:00","checksum":"37212694302"} |
| Source of data |
librisxl |
| 887 ## - NON-MARC INFORMATION FIELD |
| Content of non-MARC field |
{"@id":"chpvjchj5kmsjpk","modified":"2010-09-29T15:11:53+02:00","checksum":"28644566515"} |
| Source of data |
librisxl |
| 887 ## - NON-MARC INFORMATION FIELD |
| Content of non-MARC field |
{"@id":"hmt5sq2n3k36pqw","modified":"2011-09-26T14:00:09+02:00","checksum":"11318337680"} |
| Source of data |
librisxl |
| 887 ## - NON-MARC INFORMATION FIELD |
| Content of non-MARC field |
{"@id":"djqwpmjk0n7d609","modified":"2010-10-12T12:28:31+02:00","checksum":"38043153551"} |
| Source of data |
librisxl |
| 887 ## - NON-MARC INFORMATION FIELD |
| Content of non-MARC field |
{"@id":"v06cjl2104d65vr","modified":"2017-11-29T11:17:23+01:00","checksum":"36220651404"} |
| Source of data |
librisxl |
| 887 ## - NON-MARC INFORMATION FIELD |
| Content of non-MARC field |
{"@id":"rw3884kx3pkrdwg","modified":"2010-10-25T09:32:55+02:00","checksum":"31485217112"} |
| Source of data |
librisxl |
| 887 ## - NON-MARC INFORMATION FIELD |
| Content of non-MARC field |
{"@id":"8kjn5v5b6rsb1kbr","modified":"2019-06-13T13:10:56.245+02:00","checksum":"25301018972"} |
| Source of data |
librisxl |
| 900 1s - EQUIVALENCE OR CROSS-REFERENCE-PERSONAL NAME [LOCAL, CANADA] |
| Linkage |
100 |
| Dates associated with a name |
1971- |
| Affiliation |
Davidsson, Ulrika, |
| Dates associated with a name |
1971- |
| 942 ## - ADDED ENTRY ELEMENTS (KOHA) |
| Source of classification or shelving scheme |
Other/Generic Classification Scheme |
| Koha item type |
Bok |